01632nam a2200301 a 4500001001500000003000400015005001700019008004100036020002700077020003000104040000700134050001000141082001100151100002900162245007800191250002500269260004200294300002100336520063500357650002300992650003101015650001701046700002801063856008201091942001201173999001901185952012601204ASIN0500342415OSt20180116192417.0130726s2009 xxu eng d a0500342415 (hardcover) a9780500342411 (hardcover) c0004aNA95004a720.941 aPevsner, Nikolaus.9679213aAn outline of european architecture /cNikolaus Pevsner, Michael Forsyth. a2nd Revised edition. aLondon :bThames & Hudson Ltd,c2009. a256 p. ;c29 cm. aFor over sixty years Sir Nikolaus Pevsner's study of European architecture has been regarded as a seminal work which has inspired countless students of architecture around the world. In this updated, larger format edition, which also has a new and elegant design and completely new drawings, an extra dimension is provided through the integration of over 200 superb colour photographs. Through his perceptive understanding of the heritage of past civilizations, and in the delineation of the buildings that continue to be recognized as the greatest symbols of artistic endeavour, Pevsner remains the essential guide and companion. 0aArchitecture96793 0aArchitecture, Modern96794 0aEurope967951 aForsyth, Michael.96796403Amazon.comuhttp://www.amazon.com/exec/obidos/ASIN/0500342415/chopaconline-20 2ddccBK c353758d353758 00102ddc4070aSADAbSADAd2013-06-20l1o720.94 PEV 2009pSADA0002026r2015-05-18s2015-04-29v3882.06w2013-07-30yBK